| 000 | 00598nam a22001817a 4500 | ||
|---|---|---|---|
| 005 | 20251108164314.0 | ||
| 008 | 250721s1983 xx 000 0 ara d | ||
| 082 | 1 | 4 | _a417.56/أحم |
| 100 | 1 | _aالجندي، أحمد علم الدين | |
| 245 | 1 | 0 |
_aاللهجات العربية في التراث : _bالنظام النحوي / |
| 264 | 1 |
_aطرابلس ( ليبيا ) : _bالدار العربية للكتاب، _c1983. |
|
| 300 | _a2ج | ||
| 650 | 1 | 7 | _aاللغة العربية |
| 650 | 1 | 7 | _aاللهجات |
| 650 | 1 | 7 | _aاللغات العامية |
| 942 |
_2ddc _cBK |
||
| 999 |
_c8863 _d8863 |
||